Most Appearances of Nations in Fifa World XI - Statistics

General Stats
  • This quiz has been taken 34 times
  • The average score is 11 of 16
Answer Stats
# Answer % Correct
4 Argentina
97%
8 Germany
97%
5 Italy
97%
1 Spain
97%
2 Brazil
94%
3 England
94%
7 France
94%
Portugal
94%
Netherlands
84%
Sweden
69%
12 Colombia
66%
Croatia
47%
Ukraine
31%
Serbia
25%
9 Cameroon
22%
Cote D' Ivoire
19%
No matching quizzes found
Score Distribution
Percent of People with Each Score
Percentile by Number Answered
Your Score History
You have not taken this quiz